Представление документа в формате RUSMARC

ПолеНазваниеЗначение
  Тип записи a
  Библиографический уровень a
001 Контрольный номер c1b75571271a4f9cb58a615a5a74be30
005 Дата корректировки 20161202153858.8
100 Данные общей обработки __
a Данные общей обработки 20161202 ||| 0rusy0189 ca
101 Язык документа 0_
a Язык текста rus
102 Страна публикации __
a Страна публикации RU
200 Заглавие и сведения об ответственности 1_
a Заглавие Трудовые ресурсы предприятия и их состав
f Первые сведения об ответственности К. А. Пономарева, В. А. Дробышева
463 Уровень физической единицы _0
1 2000
a Молодежь и наука: развитие творческого потенциала
e Материалы Международ. студ. науч.-практ. конф. (19 апреля 2016 г.)
f коллектив авторов
b Текст
g АНОО ВО ЦС РФ РУК
v С. 365-370
1 2101
a М.
c Канцлер
d 2016
1 00178f8e0d634c24f0bb35b9e597570888a
610 Ключевые слова 0_
a Ключевые слова трудовые ресурсы
a Ключевые слова предприятия
700 Автор _1
a Фамилия Пономарева
b Имя К. А.
700 Автор _1
a Фамилия Дробышева
b Имя В. А.
801 Источник записи _0
a Страна RU
b Организация РУК
c Дата составления 20161202
g Правила каталогизации PSBO
801 Источник записи _1
a Страна RU
b Организация РУК
c Дата составления 20161202
g Правила каталогизации PSBO
901 Тип документа __
t Тип документа a
w Контрольный № источника 78f8e0d634c24f0bb35b9e597570888a
937 Технологическая информация __
a Создатель записи (имя) Тубольцева
938 Служебная информация __
a Название организации Головной вуз